Statistical methods (Record no. 179909)
[ view plain ]
| 000 -LEADER | |
|---|---|
| fixed length control field | 00399nam a2200169Ia 4500 |
| 003 - CONTROL NUMBER IDENTIFIER | |
| control field | OSt |
| 005 - DATE AND TIME OF LATEST TRANSACTION | |
| control field | 20230227152945.0 |
| 008 - FIXED-LENGTH DATA ELEMENTS--GENERAL INFORMATION | |
| fixed length control field | 210707s9999 xx 000 0 und d |
| 040 ## - CATALOGING SOURCE | |
| Transcribing agency | AL |
| 041 ## - LANGUAGE CODE | |
| Language code of text/sound track or separate title | eng |
| 082 ## - DEWEY DECIMAL CLASSIFICATION NUMBER | |
| Classification number | 311/65 GUPS |
| 100 ## - MAIN ENTRY--PERSONAL NAME | |
| Personal name | GUPTA (S P) |
| 9 (RLIN) | 73523 |
| 245 ## - TITLE STATEMENT | |
| Title | Statistical methods |
| 650 ## - SUBJECT ADDED ENTRY--TOPICAL TERM | |
| Topical term or geographic name entry element | Mathematical Statistics |
| 9 (RLIN) | 73524 |
| 650 ## - SUBJECT ADDED ENTRY--TOPICAL TERM | |
| Topical term or geographic name entry element | Mathematics |
| 9 (RLIN) | 73525 |
| 942 ## - ADDED ENTRY ELEMENTS (KOHA) | |
| Source of classification or shelving scheme | Dewey Decimal Classification |
| Koha item type | Book Bank |
| Withdrawn status | Lost status | Source of classification or shelving scheme | Damaged status | Not for loan | Collection code | Home library | Current library | Shelving location | Date acquired | Total Checkouts | Full call number | Barcode | Date last seen | Price effective from | Koha item type |
|---|---|---|---|---|---|---|---|---|---|---|---|---|---|---|---|
| Dewey Decimal Classification | Statistics | St Aloysius Library | St Aloysius Library | UGC Book Bank | 07/08/2021 | 311/65 GUPS | BB01436 | 07/08/2021 | 07/08/2021 | Book Bank | |||||
| Dewey Decimal Classification | Statistics | St Aloysius Library | St Aloysius Library | UGC Book Bank | 07/08/2021 | 311/71 GUPS | BB01442 | 02/27/2023 | 07/08/2021 | Book Bank | |||||
| Dewey Decimal Classification | Statistics | St Aloysius Library | St Aloysius Library | UGC Book Bank | 07/08/2021 | 311/77 GUPS | BB01448 | 02/27/2023 | 07/08/2021 | Book Bank | |||||
| Dewey Decimal Classification | Statistics | St Aloysius Library | St Aloysius Library | UGC Book Bank | 07/08/2021 | 311/78 GUPS | BB01449 | 02/27/2023 | 07/08/2021 | Book Bank | |||||
| Dewey Decimal Classification | Statistics | St Aloysius Library | St Aloysius Library | UGC Book Bank | 07/08/2021 | 311/79 GUPS | BB01450 | 02/27/2023 | 07/08/2021 | Book Bank |